000 00822nam a2200205Ii 4500
003 JO-AjNU
008 230605s9999||||xx |||||||||||||| ||und||
040 _aJO-AjNU
_bara
_erda
_cJO-AjNU
041 _aara
050 1 4 _aBP80.A2824.U222.1989
100 3 _aالمالكي،ابراهيم العبدلي ، السعدي،عبد الرزاق عبد الرحمن/تقديم,
_eauthor
_910686
245 0 0 _aعمدة التحقيق في بشائر آل الصديق
250 _aط1
264 3 1 _aبغداد:دار الانبار للطباعة والنشر،1989
300 _a184ص
336 _atext
_btxt
_2rdacontent
337 _aunmediated
_bn
_2rdamedia
338 _avolume
_bnc
_2rdacarrier
650 4 _aالصحابة والتابعون-تراجم-الخلفاء الراشدون-ابو بكر الصديق
_910687
999 _aA1933
_c5501
_d5501